Szczegóły MARC21

Delokalizacja w rozszerzonej Unii Europejskiej - perspektywa wybranych państw UE : wnioski dla Polski /

003 -Nazwa inst., której nr kontr. jest w polu 001 [,]
    • @
    • Nazwa instytucji, której n kontrolny jest w polu 001
    • NUKAT
005 -DATA I CZAS OSTATNIEJ MODYFIKACJI [,]
    • @
    • pole kontrolne
    • 20241231102554.0
020 -Międzynarod. znormalizowany nr książki - ISBN [ , ]
    • a
    • Numer ISBN
    • 8389972840 Find
    • q
    • Dopowiedzenie
    • UKIE
040 -Instytucja sporządzająca opis [ , ]
    • a
    • Instytucja, która sporządziła opis (NP)
    • WA N/PBss
    • c
    • Instytucja, która sporządziła rekord (NP)
    • WA N/PBss
    • d
    • Instytucja, która zmodyfikowała rekord (P)
    • WA N/PBan
    • d
    • Instytucja, która zmodyfikowała rekord (P)
    • WA U/JKs
    • d
    • Instytucja, która zmodyfikowała rekord (P)
    • KR U/IFs
    • d
    • Instytucja, która zmodyfikowała rekord (P)
    • WA N/PNjos
    • d
    • Instytucja, która zmodyfikowała rekord (P)
    • WA N/PBkrjs
    • d
    • Instytucja, która zmodyfikowała rekord (P)
    • WA N/RZas
    • d
    • Instytucja, która zmodyfikowała rekord (P)
    • GL 001/DA
942 -Rodzaj dokumentu [ , ]
    • c
    • Rodzaj dokumentu
    • Książka
245 -Strefa tytułu i oznaczenia odpowiedzialności [0,0]
    • a
    • Tytuł
    • Delokalizacja w rozszerzonej Unii Europejskiej - perspektywa wybranych państw UE : Find
    • b
    • Ciąg dalszy tytułu (NP)
    • wnioski dla Polski / Find
    • c
    • Pozostałe elementy strefy tytułu i oznaczenia odpowiedzialności (NP)
    • Instytut Badań nad Gospodarką Rynkową, Uniwersytet Warszawski. Wydział Nauk Ekonomicznych.
260 -Strefa adresu wydawniczego [ , ]
    • a
    • Miejsce wydania (P)
    • Warszawa :
    • b
    • Nazwa wydawcy (P)
    • Urząd Komitetu Integracji Europejskiej. Departament Analiz i Strategii :
    • b
    • Nazwa wydawcy (P)
    • współpr. Departament Dokumentacji Europejskiej i Publikacji,
    • c
    • Data wydania (P)
    • 2006.
300 -Strefa opisu fizycznego [ , ]
    • a
    • Określenie formy książki i/lub objętość (NP)
    • 209, [1] s. :
    • b
    • Oznaczenie ilustracji (NP)
    • il. ;
    • c
    • Format (NP)
    • 24 cm.
336 -Typ zawartości [ , ]
    • a
    • Termin opisujący typ zawartości
    • Tekst
    • b
    • Kod określający zawartość
    • txt
    • 2
    • Źródło (terminu i kodu)
    • rdacontent
337 -Typ mediów [ , ]
    • a
    • Tryb odtwarzania
    • Bez urządzenia pośredniczącego
    • b
    • Kod typu mediów
    • n
    • 2
    • Źródło (terminu i kodu)
    • rdamedia
338 -Typ/rodzaj nośnika [ , ]
    • a
    • Hasło opisujące typ nośnika
    • Wolumin
    • b
    • Kod typu nośnika
    • nc
    • 2
    • Źródło (terminu i kodu)
    • rdacarrier
490 -Strefa serii i książki wielotomowej - forma nie do wyszukiwania [1, ]
    • a
    • Tytuł (P)
    • Biblioteka Europejska ; Find
    • v
    • Numeracja (P)
    • 39
830 -Hasło dodatkowe serii i opisu książki wielotomowej - tytuł ujednolicony/tytuł [ ,0]
    • a
    • Tytuł ujednolicony/tytuł (NP)
    • Biblioteka Europejska
    • v
    • Oznaczenie tomu (NP)
    • 39
    • 9
    • KHW
    • 1662
504 -Uwaga dot. bibliogr. załącznikowej [ , ]
    • a
    • Uwaga dot. bibliografii załącznikowej
    • Bibliogr. przy pracach.
505 -Uwaga dot. zawartości książki [0, ]
    • a
    • Uwaga dot. zawartości książki
    • Cz. 1, Delokalizacja w rozszerzonej Unii Europejskiej - perspektywa wybranych państw członkowskich UE : wnioski dla Polski : ekspertyza wykonana przez Instytut Badań nad Gospodarką Rynkową / aut. Anna Hildebrandt [et al.]. Cz. 2, Problem delokalizacji w Hiszpanii w okresie przed i po przystąpieniu do Unii Europejskiej / ekspertyza wykonana przez Bartłomieja Rokickiego.
080 -Uniwersalna Klasyfikacja Dziesiętna [ , ]
    • 2
    • Identyfikator wydania tablic
    • UDC-P022
    • a
    • Symbol klasyfikacji
    • 339.727
    • b
    • Dopowiedzenie
    • Obrót kapitałowy. Międzynarodowy rynek kapitałowy. Import i eksport kapitału. Inwestycje zagraniczne. Inwestycje za granicą.
    • x
    • Poddział wspólny
    • (4-67:460)
    • b
    • Dopowiedzenie
    • (Unia Europejska - Hiszpania).
    • x
    • Poddział wspólny
    • (083.41)
    • b
    • Dopowiedzenie
    • (Tablice statystyczne. Dane statystyczne).
080 -Uniwersalna Klasyfikacja Dziesiętna [ , ]
    • 2
    • Identyfikator wydania tablic
    • UDC-P022
    • a
    • Symbol klasyfikacji
    • 913(4-67):338.45
    • b
    • Dopowiedzenie
    • Geografia przemysłu w krajach Unii Europejskiej.
    • x
    • Poddział wspólny
    • "1989/..."
650 -Hasło przedmiotowe [ ,7]
    • a
    • Hasło przedmiotowe
    • Inwestycje zagraniczne
    • z
    • Określnik geograficzny
    • Kraje Unii Europejskiej
    • y
    • Określnik chronologiczny
    • 1990-
    • v
    • Określnik formalny
    • statystyki.
    • 2
    • Źródło terminu
    • kaba
    • 9
    • KHW
    • 570186
650 -Hasło przedmiotowe [ ,7]
    • a
    • Hasło przedmiotowe
    • Inwestycje zagraniczne
    • z
    • Określnik geograficzny
    • Hiszpania
    • y
    • Określnik chronologiczny
    • 1990-
    • v
    • Określnik formalny
    • statystyki.
    • 2
    • Źródło terminu
    • kaba
    • 9
    • KHW
    • 570185
650 -Hasło przedmiotowe [ ,7]
    • a
    • Hasło przedmiotowe
    • Delokalizacje (ekonomia)
    • z
    • Określnik geograficzny
    • Kraje Unii Europejskiej
    • y
    • Określnik chronologiczny
    • 1990-.
    • 2
    • Źródło terminu
    • kaba
    • 9
    • KHW
    • 379477
650 -Hasło przedmiotowe [ ,7]
    • a
    • Hasło przedmiotowe
    • Delokalizacje (ekonomia)
    • z
    • Określnik geograficzny
    • Hiszpania
    • y
    • Określnik chronologiczny
    • 1990-.
    • 2
    • Źródło terminu
    • kaba
    • 9
    • KHW
    • 570187
650 -Hasło przedmiotowe [ ,7]
    • a
    • Hasło przedmiotowe
    • Delokalizacja (ekonomia)
    • 2
    • Źródło terminu
    • DBN
650 -Hasło przedmiotowe [ ,7]
    • a
    • Hasło przedmiotowe
    • Geografia przemysłu
    • 2
    • Źródło terminu
    • DBN
    • 9
    • KHW
    • 736653
650 -Hasło przedmiotowe [ ,7]
    • a
    • Hasło przedmiotowe
    • Geografia usług
    • 2
    • Źródło terminu
    • DBN
650 -Hasło przedmiotowe [ ,7]
    • a
    • Hasło przedmiotowe
    • Inwestycje zagraniczne
    • 2
    • Źródło terminu
    • DBN
    • 9
    • KHW
    • 734211
651 -Hasło przedmiotowe w formie nazwy geograficznej [ ,7]
    • a
    • Nazwa geograficzna
    • Kraje Unii Europejskiej
    • 2
    • Źródło terminu
    • DBN
    • 9
    • KHW
    • 720927
651 -Hasło przedmiotowe w formie nazwy geograficznej [ ,7]
    • a
    • Nazwa geograficzna
    • Hiszpania
    • 2
    • Źródło terminu
    • DBN
    • 9
    • KHW
    • 722739
658 -Ujęcie treści [ , ]
    • a
    • dziedzina nauki i sztuki/ sfera aktywności życiowej
    • Gospodarka, ekonomia, finanse
658 -Ujęcie treści [ , ]
    • a
    • dziedzina nauki i sztuki/ sfera aktywności życiowej
    • Geografia i nauki o Ziemi
980 -Symbol UKD [ , ]
    • a
    • UKD
    • 339.727(4-67:460)(083.41):913(4-67):338.45]"1989/..."
700 -Hasło dodatkowe - nazwa osobowa [1,2]
    • a
    • Nazwa osobowa (NP)
    • Rokicki, Bartłomiej. Find
    • t
    • Tytuł ujednolicony/tytuł (NP)
    • Problem delokalizacji w Hiszpanii w okresie przed i po przystąpieniu do Unii Europejskiej Find
    • l
    • Język tekstu (NP)
    • (pol.)
    • 9
    • KHW
    • 569955
700 -Hasło dodatkowe - nazwa osobowa [1, ]
    • a
    • Nazwa osobowa (NP)
    • Hildebrandt-Mrozek, Anna. Find
    • 9
    • KHW
    • 569954
710 -Hasło dodatkowe - nazwa ciała zbiorowego [1, ]
    • a
    • Nazwa ciała zbiorowego lub nazwa geograficzna jako pierwszy element (NP)
    • Polska.
    • b
    • Nazwa jednostki podrzędnej (P)
    • Urząd Komitetu Integracji Europejskiej.
    • b
    • Nazwa jednostki podrzędnej (P)
    • Departament Analiz i Strategii.
    • 4
    • Kod relacji
    • pbl
    • 9
    • KHW
    • 10409
710 -Hasło dodatkowe - nazwa ciała zbiorowego [1, ]
    • a
    • Nazwa ciała zbiorowego lub nazwa geograficzna jako pierwszy element (NP)
    • Polska.
    • b
    • Nazwa jednostki podrzędnej (P)
    • Urząd Komitetu Integracji Europejskiej.
    • b
    • Nazwa jednostki podrzędnej (P)
    • Departament Dokumentacji Europejskiej i Publikacji.
    • 4
    • Kod relacji
    • pbl
    • 9
    • KHW
    • 39813
740 -Hasło dodatkowe - tytuł [0,2]
    • a
    • Tytuł
    • Delokalizacja w rozszerzonej Unii Europejskiej - perspektywa wybranych państw członkowskich UE
920 -ISBN [ , ]
    • a
    • ISBN
    • 83-89972-84-0 Find
    • q
    • Dopowiedzenie
    • UKIE
Lokalizacja Data inwentaryzacji Status udost. Numer inwentarzowy
BE2007-02-14-2E.70478
BE2007-02-14-2E.70479
BG2006-11-291CDE.1663
BG2006-11-231Z.107168